000 00541 a2200181 4500
020 _a97800702219
082 _a621.38223
090 _c7434
_d7434
100 _aRoberts, Michael
110 _aSharma, Govind
245 _aFundamentals of Signals and Systems
_cRoberts, Michael
250 _a2nd ed.
260 _aNew Delhi (India)
_bThe McGraw-Hill
_c2010
300 _axxi, 766 p. ;
_bill. ;
_c25 cm.
500 _aIncludes index
650 _a1. Signal theory (Telecommunication)--(Problems, exercises, etc.
942 _cBK
_k621.38223 ROB
999 _c11237
_d11237